000
00277nam a22001097a 4500
008
170125b xxu||||| |||| 00| 0 eng d
020
_a
08898529
041
_a
eng
080
_a
61
245
_a
ENDOCRINOROLOGY AND METABOLISM CLINICS OF NORTH AMERICA
_c
MARCUS, R
942
_2
udc
_c
BK
999
_c
3687
_d
3687